SPECIMENS of English dramatic poets who lived about the time of Shakespeare
Guardat en:
| Format: | Llibre |
|---|---|
| Idioma: | anglès |
| Publicat: |
Cambridge University Press
2013
|
| Etiquetes: |
Afegir etiqueta
Sense etiquetes, Sigues el primer a etiquetar aquest registre!
|
MARC
| LEADER | 00000nam a22000007a 4500 | ||
|---|---|---|---|
| 008 | 210826b ||||| |||| 00| 0 eng d | ||
| 020 | |a 9781108062909 | ||
| 245 | |a SPECIMENS of English dramatic poets |b who lived about the time of Shakespeare |c edited by Charles Lamb |g viii, 377p. | ||
| 250 | |c LAMB, Charles | ||
| 260 | |b Cambridge University Press |c 2013 |h New York |i 696117 |i 696118 |i 696119 |i 696120 |i 696121 |i 696122 |i 696123 |i 696124 |l PR 1263 . L3SP3 |m English drama... Early modem and Elizabethan 1500 - 1600 | ||
| 500 | |a Volume 2 | ||
| 942 | |a lcc |c BK |e Adeyeye Y. S. |f 26- 08 -2021 | ||
| 952 | |0 0 |1 0 |2 lcc |4 0 |6 PR1263 L3 S P3 |7 0 |9 3237 |a HOL |b ART |c LP |d 2021-08-26 |l 0 |o PR 1263 . L3SP3 |p 2021-66932 |r 2021-08-26 00:00:00 |w 2021-08-26 |y BK | ||
| 952 | |0 0 |1 0 |2 lcc |4 0 |6 PR1263 L3 S P3 |7 0 |9 3238 |a HOL |b ART |c LP |d 2021-08-26 |l 0 |o PR 1263 . L3SP3 |p 2021-66933 |r 2021-08-26 00:00:00 |w 2021-08-26 |y BK | ||
| 952 | |0 0 |1 0 |2 lcc |4 0 |6 PR1263 L3 S P3 |7 0 |9 3239 |a HOL |b ART |c LP |d 2021-08-26 |l 0 |o PR 1263 . L3SP3 |p 2021-66934 |r 2021-08-26 00:00:00 |w 2021-08-26 |y BK | ||
| 952 | |0 0 |1 0 |2 lcc |4 0 |6 PR1263 L3 S P3 |7 0 |9 3240 |a HOL |b ART |c LP |d 2021-08-26 |l 0 |o PR 1263 . L3SP3 |p 2021-66935 |r 2021-08-26 00:00:00 |w 2021-08-26 |y BK | ||
| 952 | |0 0 |1 0 |2 lcc |4 0 |6 PR1263 L3 S P3 |7 0 |9 3241 |a HOL |b ART |c LP |d 2021-08-26 |l 0 |o PR 1263 . L3SP3 |p 2021-66936 |r 2021-08-26 00:00:00 |w 2021-08-26 |y BK | ||
| 952 | |0 0 |1 0 |2 lcc |4 0 |6 PR1263 L3 S P3 |7 0 |9 3242 |a HOL |b ART |c LP |d 2021-08-26 |l 0 |o PR 1263 . L3SP3 |p 2021-66937 |r 2021-08-26 00:00:00 |w 2021-08-26 |y BK | ||
| 952 | |0 0 |1 0 |2 lcc |4 0 |7 0 |9 3243 |a HOL |b ART |c LP |d 2021-08-26 |o PR 1263 . L3SP3 |p 2021-66938 |r 2021-08-26 00:00:00 |w 2021-08-26 |y BK | ||
| 952 | |0 0 |1 0 |2 lcc |4 0 |6 PR1263 L3 S P3 |7 0 |9 3244 |a HOL |b ART |c LP |d 2021-08-26 |l 0 |o PR 1263 . L3SP3 |p 2021-66939 |r 2021-08-26 00:00:00 |w 2021-08-26 |y BK | ||
| 999 | |c 1622 |d 1622 | ||